Nuevas tendencias escénicas (Record no. 112957)

MARC details
000 -LEADER
campo de control de longitud fija 01167nam a2200241 4500
001 - NÚMERO DE CONTROL
campo de control 112957
003 - IDENTIFICADOR DE NÚMERO DE CONTROL
campo de control ES-MaACL
005 - FECHA Y HORA DE LA ÚLTIMA TRANSACCIÓN
campo de control 20230906185718.0
007 - CAMPO FIJO DE DESCRIPCIÓN FÍSICA--INFORMACIÓN GENERAL
campo de control de longitud fija t|
008 - DATOS DE LONGITUD FIJA--INFORMACIÓN GENERAL
campo de control de longitud fija 061121s1985 sp r ||||1| spa d
245 00 - MENCIÓN DEL TÍTULO
Título Nuevas tendencias escénicas
Resto del título : la escritura teatral a debate : [ponencias y coloquios del Encuentro de autores teatrales] /
Mención de responsabilidad, etc. Centro Nacional de Nuevas Tendencias Escénicas.
260 ## - PUBLICACIÓN, DISTRIBUCIÓN, ETC.
Lugar de publicación, distribución, etc. Madrid :
Nombre del editor, distribuidor, etc. Ministerio de Cultura, Dirección General de Música y Teatro,
Fecha de publicación, distribución, etc. 1985.
300 ## - DESCRIPCIÓN FÍSICA
Extensión 275 p. ;
Dimensiones 24 cm.
490 1# - MENCIÓN DE SERIE
Mención de serie Teoría escénica ;
Designación de volumen o secuencia 1
500 ## - NOTA GENERAL
Nota general Recopilación de 23 ponencias de un Encuentro organizado por el Centro Nacional de Nuevas Tendencias Escénicas, en colaboración con el Centro de Documentación Teatral.
710 1# - ENTRADA AGREGADA--NOMBRE DE ENTIDAD CORPORATIVA
Nombre de entidad corporativa o nombre de jurisdicción como elemento de entrada España.
Unidad subordinada Dirección General de Música y Teatro.
9 (RLIN) 3760
710 2# - ENTRADA AGREGADA--NOMBRE DE ENTIDAD CORPORATIVA
Nombre de entidad corporativa o nombre de jurisdicción como elemento de entrada Centro Nacional de Nuevas Tendencias Escénicas (España)
9 (RLIN) 134239
710 2# - ENTRADA AGREGADA--NOMBRE DE ENTIDAD CORPORATIVA
Nombre de entidad corporativa o nombre de jurisdicción como elemento de entrada Centro de Documentación Teatral (España)
9 (RLIN) 2605
711 2# - ENTRADA AGREGADA--NOMBRE DE REUNIÓN
Nombre de congreso/reunión o jurisdicción como elemento de entrada Encuentro sobre la Escritura Teatral a Debate (
Sede del congreso/Lugar de la reunión Madrid (
Fecha del congreso o de la firma del tratado 1984)
9 (RLIN) 135132
830 0# - PUNTO DE ACCESO ADICIONAL DE SERIE-TÍTULO UNIFORME
Título uniforme Teoría escénica ;
Designación de volumen o secuencia 1
9 (RLIN) 230425
852 ## - LOCALIZACIÓN
Ubicación ES-MaACL
Número de control de estantería L-10618
Holdings
Estatus retirado Estado de pérdida Estado de daño No para préstamo Biblioteca de origen Biblioteca actual Ubicación en estantería Fecha de adquisición Fuente de adquisición Total de préstamos Signatura topográfica completa Código de barras Visto por última vez Precio de reemplazo Tipo de ítem Koha
        Biblioteca del Ateneo de Madrid Biblioteca del Ateneo de Madrid Depósito 2 17/01/2008     L-10618 1117824 23/02/2023 23/02/2023 Libro impreso